000 00743nam a2200289Ia 4500
005 20260324134123.0
008 008 260324s9999 xx 000 0 eng d
020 _a9780203437254
037 _aEBOOK
040 _aCRL
040 _beng
040 _cCRL
041 _2eng
041 _aeng
084 _qCRL
100 _a Gibbs, Paul; Knapp, Michael
_91195645
245 0 _aMarketing Higher and Further Education
245 3 _bAn Educator's Guide to Promoting Courses, Departments and Institutions
260 _bTaylor and Francis
260 _c2002
365 _a
365 _b205
856 _uhttp://www.taylorfrancis.com/books/9780203437254
942 _cEBOOK
999 _c1795381
_d1795381